Γιώργος Θεοτοκάς (1905-1966) : πολιτικός στοχαστής

Αποθηκεύτηκε σε:
Λεπτομέρειες βιβλιογραφικής εγγραφής
Κύριος συγγραφέας: Κουρκουβέλας, Λυκούργος
Μορφή: Βιβλίο
Γλώσσα:Greek
Δημοσίευση: Αθήνα : Ίδρυμα της Βουλής των Ελλήνων για τον Κοινοβουλευτισμό και τη Δημοκρατία, 2013
Σειρά:Βιογραφίες πολιτικών ; ; 3
Θέματα:
Ετικέτες: Προσθήκη ετικέτας
Δεν υπάρχουν, Καταχωρήστε ετικέτα πρώτοι!

MARC

LEADER 00000cam a2200000 i 4500
001 1/60644
008 141201s2013 gre d
020 |a 978-960-6757-54-9 (set) 
020 |a 978-960-6757-82-2 
035 |l 10119909 
040 |a GR-MY-UA  |b gre  |e aacr 
041 0 |a gre 
082 0 |a 889.092  |2 (23) 
100 1 |a Κουρκουβέλας, Λυκούργος. 
245 1 0 |a Γιώργος Θεοτοκάς (1905-1966) :  |b πολιτικός στοχαστής /  |c Λυκούργος Κουρκουβέλλας 
260 |a Αθήνα :   |b Ίδρυμα της Βουλής των Ελλήνων για τον Κοινοβουλευτισμό και τη Δημοκρατία,   |c 2013 
300 |a 263 σ.;  |c 24 εκ. 
490 1 |a Βιογραφίες πολιτικών  |v ; 3 
650 0 0 |a Litterateurs  |x Biography. 
650 0 |a Greek literature, Modern  |x History and criticism. 
650 0 0 |a Authors, Greek (Modern)  |x Biography. 
830 0 |a Βιογραφίες πολιτικών ;  |v ; 3 
852 |a INST  |b LESVOS  |e 20141201  |h 889.02 ΚΟΥ  |p 005100055333  |q 005100055333  |t BK  |y 0 
901 |a BIBL1-2014-3 
909 |a Λ  |b 191112 
970 |a ΤΖΑΦΕΡΗ  |b ΕΥΑΓΓΕΛΙΑ  |z 2014/12/01